000 00764nam a22002177a 4500
005 20250627141839.0
010 _aENG-145602
020 _a9789390951673
_c650.00
035 _aEN-129134
037 _bDBAD
082 _a004.6
_21
245 _aIntelligent Interactions and Knowledge Discovery in Future Based Advance Computing/
_cEdited By Anand Rajavat; A.S. Rathore [and] Sachin Chiragaiya
250 _a1
260 _aNew Delhi
_bAllied Publishers Pvt Ltd.
_c2023
270 _aA-104, Mayapuri, Phase-II
_bNew Delhi
_e110064
300 _axii, 196p.
_c24cm.(pb)
700 _aRajavat, Anand
_eEditor
_982425
700 _aRathore, A.S.
_eEditor
_982426
700 _aChiragaiya, Sachin
_eEditor
_982427
942 _2ddc
_cEN
_h004.6
_mINT
999 _c211988
_d211988